MARKET STRUCTURE ,CORPORATE PERFORMANCE ,AND INNOVATIVE ACTIVITY (Record no. 32712)

MARC details
000 -LEADER
fixed length control field 00443nam a22001697a 4500
003 - CONTROL NUMBER IDENTIFIER
control field OSt
005 - DATE AND TIME OF LATEST TRANSACTION
control field 20220314091325.0
008 - FIXED-LENGTH DATA ELEMENTS--GENERAL INFORMATION
fixed length control field 220314b |||||||| |||| 00| 0 eng d
020 ## - INTERNATIONAL STANDARD BOOK NUMBER
International Standard Book Number 0198288557
040 ## - CATALOGING SOURCE
Transcribing agency H U
082 ## - DEWEY DECIMAL CLASSIFICATION NUMBER
Classification number 658.83
100 ## - MAIN ENTRY--PERSONAL NAME
Personal name GEROSKI ,PAUL .A
9 (RLIN) 32855
245 ## - TITLE STATEMENT
Title MARKET STRUCTURE ,CORPORATE PERFORMANCE ,AND INNOVATIVE ACTIVITY
260 ## - PUBLICATION, DISTRIBUTION, ETC.
Place of publication, distribution, etc. NEW YORK
Name of publisher, distributor, etc. PAUL A.GEROSKI
Date of publication, distribution, etc. 1994
300 ## - PHYSICAL DESCRIPTION
Extent 176
942 ## - ADDED ENTRY ELEMENTS (KOHA)
Source of classification or shelving scheme Dewey Decimal Classification
Koha item type Books like text book referance book
Suppress in OPAC No
Holdings
Withdrawn status Lost status Source of classification or shelving scheme Damaged status Not for loan Home library Current library Shelving location Date acquired Total Checkouts Full call number Barcode Date last seen Copy number Price effective from Koha item type
    Dewey Decimal Classification     College of Agriculture Library College of Business and Economics Library General Stacks 03/14/2022   658.83/GER MBELIB00006865 03/14/2022 1 03/14/2022 Books like text book referance book
    Dewey Decimal Classification     College of Agriculture Library College of Business and Economics Library General Stacks 03/14/2022   658.83/GER MBELIB00006866 03/14/2022 2 03/14/2022 Books like text book referance book
    Dewey Decimal Classification     College of Agriculture Library College of Business and Economics Library General Stacks 03/14/2022   658.83/GER MBELIB00006867 03/14/2022 3 03/14/2022 Books like text book referance book
    Dewey Decimal Classification     College of Agriculture Library College of Business and Economics Library General Stacks 03/14/2022   658.83/GER MBELIB00006868 03/14/2022 4 03/14/2022 Books like text book referance book
    Dewey Decimal Classification     College of Agriculture Library College of Business and Economics Library General Stacks 03/14/2022   658.83/GER MBELIB00006869 03/14/2022 5 03/14/2022 Books like text book referance book